Al-Ahli SFC Squad 2023-2024 - Statistics

General Stats
  • This quiz has been taken 15 times
  • The average score is 15 of 32
Answer Stats
# Position Nation Player % Correct
16 GK Senegal Edouard Mendy
100%
7 FW Algeria Riyad Mahrez
100%
10 FW Brazil Roberto Firmino
100%
24 MF Spain Gabri Veiga
92%
97 FW France Allan Saint-Maximin
83%
79 MF Ivory Coast Franck Kessié
83%
28 DF Turkey Merih Demiral
83%
3 DF Brazil Roger Ibañez
75%
- Coach Germany Matthias Jaissle
67%
11 DF North Macedonia Ezgjan Alioski
58%
20 FW Saudi Arabia Firas Al-Buraikan
42%
37 DF Saudi Arabia Abdulbasit Hindi
33%
62 GK Saudi Arabia Abdullah Abdo
33%
15 DF Saudi Arabia Abdullah Al-Ammar
33%
1 GK Saudi Arabia Abdulrahman Al-Sanbi
33%
40 MF Saudi Arabia Ali Al-Asmari
33%
27 DF Saudi Arabia Ali Majrashi
33%
95 MF Saudi Arabia Ayman Fallatah
33%
6 DF Saudi Arabia Bassam Al-Hurayji
33%
19 FW Saudi Arabia Fahad Al-Rashidi
33%
26 DF Saudi Arabia Fahd Al-Hamad
33%
17 FW Saudi Arabia Haitham Asiri
33%
13 DF Saudi Arabia Ibrahim Al-Zubaidi
33%
29 MF Saudi Arabia Mohammed Al-Majhad
33%
46 DF Saudi Arabia Rayan Hamed
33%
31 DF Saudi Arabia Saad Balobaid
33%
8 FW Saudi Arabia Sumaihan Al-Nabit
33%
30 MF Saudi Arabia Ziyad Al-Johani
33%
45 MF Saudi Arabia Abdulkarim Darisi
25%
14 MF Saudi Arabia Abdullah Otayf
25%
34 MF Saudi Arabia Bandar Al-Shamrani
17%
71 GK Saudi Arabia Mohammed Al-Rubaie
17%
No matching quizzes found
Score Distribution
Percent of People with Each Score
Percentile by Number Answered
Your Score History
You have not taken this quiz